|
|
|
|
| LEADER |
00000nab#a22000007a#4500 |
| 001 |
arbauad028543 |
| 003 |
AR-BaUAD |
| 005 |
20250711112325.0 |
| 008 |
970926|||||||||###||||||b###|0###a|spa|| |
| 040 |
|
|
|a AR-BaUAD
|c AR-BaUAD
|b spa
|
| 100 |
|
|
|a Cremonini, Zoraide
|
| 245 |
|
|
|a Cinema /
|c Zoraide Cremonini;
|
| 300 |
0 |
|
|b fot.
|
| 653 |
|
|
|a CINE
|
| 653 |
|
|
|a DIRECTORES DE CINE
|
| 653 |
|
|
|a KUBRICK, STANLEY
|
| 653 |
|
|
|a ESTADOS UNIDOS
|
| 773 |
0 |
|
|t VOGUE ITALIA
|g Nº565 [set. 1997], p. 128
|
| 942 |
|
|
|c ARTI
|
| 952 |
|
|
|0 0
|1 0
|4 0
|7 0
|9 73462
|a AR-BAuAD
|b AR-BAuAD
|d 2025-07-11
|l 0
|p AAQA028543
|r 2025-07-11 11:23:25
|w 2025-07-11
|y ARTI
|
| 990 |
|
|
|a C199
|b TD
|
| 998 |
|
|
|a AAQ
|b BIBUN76
|
| 999 |
|
|
|c 53135
|d 53135
|